000 00405nam a2200169Ia 4500
001 22450
005 20260414150832.0
008 260414t2014||||xx |||||||||||||| ||spa||
041 _aESP
082 _a621.38132
_bB75
100 _aBosch Roig, Ignacio
_eAUT
245 0 _aTeoría de circuitos :
_bteoría y problemas
260 _c2014
650 _aTCA
654 _aCET
942 _cLIB
_dJUS
_fJUS
_2ddc
_n
999 _c22450
_d22450